01773cam a22004094i 4500003000900000005001700009008004100026020001500067035002700082040003300109082001700142100002600159245004100185264004100226300005300267336002100320337002500341338002300366490003300389504002800422505075300450526001001203526001001213526000901223526000901232526000901241526000901250526000901259526000901268526000901277526000801286526000801294526000801302526000801310526000801318650003701326PE-LiUPU20250731165528.0150623s r 000 0 d a8470501232 a(Sirsi) i9788470501234 aPE-LiUPUbspacPE-LiUPUerda04a270.9bH2211 aLeflon, Jean,eautor.13aLa revolución.n23 /cJean Leflon. 1aValencia, España :bEdicep,c1975. a672 páginas :bil., fotos ;c28 centímetros atext2rdacontent aunmediated2rdamedia avolume2rdacarrier0 aHistoria de la iglesia ;v23 aIncluye bibliografía.0 aLa iglesia católica en la víspera de la revolución. -El fin de la iglesia del antiguo Régimen. -La iglesia constitucional. -El primero y el segundo terror. -De termidor abrumario. -El advenimiento de Pío VII de Napoleón. -El concordato. -La aplicación del concordato francés. -La consagración de Napoleón y la política religiosa imperial. -La lucha del sacerdocio y del imperio. -La restuaración del estado pontificio. -La reorganización del estado pontificio. -La restauración de las iglesias. -La vida inferior de la iglesia de 1800 a 1833. -El pontificado de León XII. -El pontificado de Gregorio XVI. -La vida intelectual, espiritual y apostólica de la iglesia bajo los pontificados de León XII Y Gregorio XVI. aSEG44 aSEG26 aP151 aP150 aP149 aP146 aP145 aP126 aP125 aP92 aP75 aP74 aP27 aP1504aIglesiaxHistoriayRevolución.